[Event "Hastings Centenary Masters"]
[Site "Hastings"]
[Date "1995.08.20"]
[Round "1"]
[White "Cafferty, Bernard"]
[Black "Nataf, Igor Alexandre"]
[Result "0-1"]
[WhiteElo "2260"]
[BlackElo "2370"]
[PlyCount "52"]
[EventDate "1995.08.20"]
[EventType "swiss"]
[EventRounds "9"]
[EventCountry "ENG"]
[SourceTitle "BritBase"]
[Source "John Saunders"]
[SourceDate "2023.06.01"]
[SourceVersion "1"]
[SourceVersionDate "2023.06.01"]
[SourceQuality "1"]

1. Nf3 Nf6 2. g3 g6 3. b3 Bg7 4. Bb2 O-O 5. Bg2 c5 6. c4 d6 7. d4 Ne4 8. O-O
Nc6 9. e3 f5 10. Nc3 Nxc3 11. Bxc3 f4 12. Qd2 cxd4 13. exd4 Bg4 14. h3 Bxf3 15.
Bxf3 fxg3 16. fxg3 Qb6 17. Rad1 e5 18. Bd5+ Kh8 19. Bxc6 Rxf1+ 20. Kxf1 Rf8+
21. Bf3 e4 22. Qe1 d5 23. Bb4 Rxf3+ 24. Kg2 Bxd4 25. cxd5 Rf2+ 26. Kh1 Qf6 0-1

[Event "Hastings Centenary Masters"]
[Site "Hastings"]
[Date "1995.08.21"]
[Round "2"]
[White "Adams, Michael"]
[Black "McDonald, Neil R"]
[Result "1-0"]
[WhiteElo "2660"]
[BlackElo "2425"]
[PlyCount "115"]
[EventDate "1995.08.20"]
[EventType "swiss"]
[EventRounds "9"]
[EventCountry "ENG"]
[SourceTitle "BritBase"]
[Source "John Saunders"]
[SourceDate "2023.06.01"]
[SourceVersion "1"]
[SourceVersionDate "2023.06.01"]
[SourceQuality "1"]

1. e4 c5 2. Nf3 Nc6 3. c3 d5 4. exd5 Qxd5 5. d4 Bg4 6. Be2 cxd4 7. cxd4 e6 8.
Nc3 Qd6 9. d5 exd5 10. O-O Nf6 11. Nb5 Qd7 12. Bf4 Rc8 13. Ne5 Bxe2 14. Nxd7
Bxd1 15. Nxf6+ gxf6 16. Raxd1 Rd8 17. Rfe1+ Ne5 18. Bxe5 fxe5 19. Rxe5+ Be7 20.
Rde1 Rd7 21. Nc3 Kf8 22. Rxd5 Rxd5 23. Nxd5 Bd8 24. Rc1 Ke8 25. f4 h5 26. Kf2
Rh6 27. Kf3 Rd6 28. Rd1 Rc6 29. Rd2 Rc1 30. Ne3 Ra1 31. b3 Bb6 32. Nf5 Kf8 33.
g3 Rc1 34. Nd6 Rc7 35. Nc4 Bc5 36. Rd5 b5 37. Ne5 Bg1 38. Rd2 Kg7 39. Ke4 a6
40. Nf3 Ba7 41. Nh4 Re7+ 42. Kf3 Re6 43. Kg2 Bb6 44. Kh3 Bc5 45. Nf3 Rd6 46.
Re2 Rd3 47. Ng5 Kg6 48. Rc2 Bd6 49. Rc6 Kg7 50. Kh4 Rd2 51. Kxh5 Rxh2+ 52. Kg4
Ba3 53. Rxa6 b4 54. Ra7 Rxa2 55. Rxf7+ Kg8 56. Rd7 Bc1 57. Rd4 Bd2 58. Ne4 1-0

[Event "Hastings Centenary Masters"]
[Site "Hastings"]
[Date "1995.08.21"]
[Round "2"]
[White "Conquest, Stuart C"]
[Black "Bisby, Daniel L"]
[Result "1-0"]
[WhiteElo "2455"]
[BlackElo "2120"]
[PlyCount "55"]
[EventDate "1995.08.20"]
[EventType "swiss"]
[EventRounds "9"]
[EventCountry "ENG"]
[SourceTitle "BritBase"]
[Source "John Saunders"]
[SourceDate "2023.06.01"]
[SourceVersion "1"]
[SourceVersionDate "2023.06.01"]
[SourceQuality "1"]

1. e4 d6 2. d4 Nf6 3. Nc3 g6 4. Bg5 Bg7 5. f3 c6 6. Qd2 b5 7. Bh6 Bxh6 8. Qxh6
Nbd7 9. Nh3 Qa5 10. Ng5 b4 11. Nd1 b3+ 12. c3 Ba6 13. Bxa6 Qxa6 14. Kf2 c5 15.
Ne3 bxa2 16. Rhd1 Rb8 17. b4 cxb4 18. cxb4 Rxb4 19. Rd2 Qb6 20. Raxa2 Rxd4 21.
Rdb2 Qc7 22. Rc2 Nc5 23. Qg7 Rf8 24. Nxh7 Nd3+ 25. Kf1 Qb7 26. Qxf8+ Kd7 27.
Rxa7 Qxa7 28. Qc8# 1-0

[Event "Hastings Centenary Masters"]
[Site "Hastings"]
[Date "1995.08.21"]
[Round "2"]
[White "Cooper, Lawrence"]
[Black "O'Brien, Richard W"]
[Result "1-0"]
[WhiteElo "2315"]
[BlackElo "2100"]
[PlyCount "47"]
[EventDate "1995.08.20"]
[EventType "swiss"]
[EventRounds "9"]
[EventCountry "ENG"]
[SourceTitle "BritBase"]
[Source "John Saunders"]
[SourceDate "2023.06.01"]
[SourceVersion "1"]
[SourceVersionDate "2023.06.01"]
[SourceQuality "1"]

1. e4 c6 2. d4 d5 3. exd5 cxd5 4. c4 Nf6 5. Nc3 g6 6. Qb3 Bg7 7. cxd5 O-O 8.
Nge2 b6 9. g3 Bb7 10. Bg2 e6 11. Bg5 h6 12. Bxf6 Bxf6 13. O-O e5 14. Rad1 Nd7
15. d6 Bxg2 16. Kxg2 exd4 17. Nxd4 Nc5 18. Qd5 Qd7 19. f4 Rad8 20. Nc6 Rc8 21.
Ne5 Qe6 22. Qxe6 Nxe6 23. Nd7 Bxc3 24. Nxf8 1-0

[Event "Hastings Centenary Masters"]
[Site "Hastings"]
[Date "1995.08.21"]
[Round "2"]
[White "Costello, Colin A"]
[Black "Jain, Naveen"]
[Result "0-1"]
[WhiteElo "2115"]
[BlackElo "2265"]
[PlyCount "54"]
[EventDate "1995.08.20"]
[EventType "swiss"]
[EventRounds "9"]
[EventCountry "ENG"]
[SourceTitle "BritBase"]
[Source "John Saunders"]
[SourceDate "2023.06.01"]
[SourceVersion "1"]
[SourceVersionDate "2023.06.01"]
[SourceQuality "1"]

1. c4 Nf6 2. Nc3 e6 3. Nf3 d5 4. d4 Nbd7 5. Bg5 Be7 6. e3 O-O 7. Rc1 b6 8. cxd5
exd5 9. Bd3 Bb7 10. O-O c5 11. Nd2 Ne4 12. Bf4 f5 13. f3 Ng5 14. Bg3 Ne6 15.
Ne2 Rc8 16. Bf2 Bg5 17. e4 c4 18. Bb1 fxe4 19. fxe4 dxe4 20. Rc3 Rxf2 21. Kxf2
e3+ 22. Kg1 exd2 23. Qc2 Nf6 24. Rh3 Nxd4 25. Qd1 Be4 26. Rxf6 Nxe2+ 27. Kh1
Bxb1 0-1

[Event "Hastings Centenary Masters"]
[Site "Hastings"]
[Date "1995.08.21"]
[Round "2"]
[White "Dunnington, Angus J"]
[Black "Atalik, Suat"]
[Result "1/2-1/2"]
[WhiteElo "2385"]
[BlackElo "2525"]
[PlyCount "50"]
[EventDate "1995.08.20"]
[EventType "swiss"]
[EventRounds "9"]
[EventCountry "ENG"]
[SourceTitle "BritBase"]
[Source "John Saunders"]
[SourceDate "2023.06.01"]
[SourceVersion "1"]
[SourceVersionDate "2023.06.01"]
[SourceQuality "1"]

1. d4 Nf6 2. Nf3 g6 3. Nc3 d5 4. Bf4 Bg7 5. e3 O-O 6. Be2 c5 7. dxc5 Nbd7 8.
O-O Nxc5 9. Be5 b6 10. Nb5 Bb7 11. c4 dxc4 12. Bxc4 a6 13. Nc7 Rc8 14. Rc1 Nfe4
15. Bxg7 Kxg7 16. Nd5 b5 17. Bb3 Nxb3 18. Rxc8 Qxc8 19. Qxb3 Rd8 20. Nf4 Qc7
21. h3 e5 22. Nd3 f6 23. Rc1 Qd7 24. Nfe1 Rc8 25. Rxc8 Qxc8 1/2-1/2

[Event "Hastings Centenary Masters"]
[Site "Hastings"]
[Date "1995.08.21"]
[Round "2"]
[White "Dutta, Shyamol"]
[Black "Bates, Richard A"]
[Result "0-1"]
[WhiteElo "2110"]
[BlackElo "2345"]
[PlyCount "142"]
[EventDate "1995.08.20"]
[EventType "swiss"]
[EventRounds "9"]
[EventCountry "ENG"]
[SourceTitle "BritBase"]
[Source "John Saunders"]
[SourceDate "2023.06.01"]
[SourceVersion "1"]
[SourceVersionDate "2023.06.01"]
[SourceQuality "1"]

1. e4 c5 2. Nf3 d6 3. d4 cxd4 4. Nxd4 Nf6 5. Nc3 a6 6. Bg5 Nc6 7. Qd2 e6 8.
O-O-O h6 9. Bh4 Nxe4 10. Qf4 g5 11. Qxe4 gxh4 12. Nf5 Qg5+ 13. Ne3 Qe5 14. Qxh4
Be7 15. Qg3 Qxg3 16. hxg3 d5 17. Na4 b5 18. Nb6 Rb8 19. Nxc8 Rxc8 20. c3 Bf6
21. Kb1 Ne5 22. Be2 Nc4 23. Nxc4 bxc4 24. Kc2 Rc5 25. Rh5 Ke7 26. f4 Bg7 27. g4
Rb8 28. Rh3 Ra5 29. Kb1 Rab5 30. b4 R5b7 31. Rd2 d4 32. cxd4 Rxb4+ 33. Kc2 Rb2+
34. Kc3 Bxd4+ 35. Rxd4 Rxe2 36. Rxh6 Rxa2 37. Rxc4 Ra3+ 38. Kd4 Rg3 39. g5 Kd6
40. Ra4 a5 41. Rh7 Rb7 42. Rh8 Rgb3 43. Rd8+ Ke7 44. Rc8 R3b4+ 45. Rc4 Rd7+ 46.
Kc3 Rxa4 47. Rxa4 Rd5 48. Ra1 Kf8 49. Rb1 Kg7 50. Rb7 Rf5 51. g3 Kg6 52. Kd4
Kh5 53. Rb3 Kg4 54. Ra3 Rb5 55. Ke4 Rd5 56. Rc3 a4 57. Rc7 Ra5 58. Rxf7 a3 59.
g6 a2 60. g7 a1=Q 61. g8=Q+ Kh3 62. Qh7+ Kg2 63. Rd7 Qe1+ 64. Kd4 e5+ 65. Kc4
Qc1+ 66. Kd3 Qb1+ 67. Ke2 Ra2+ 68. Ke3 Qe1+ 69. Kd3 Rd2+ 70. Kc4 Qc1+ 71. Kb5
Rb2+ 0-1

[Event "Hastings Centenary Masters"]
[Site "Hastings"]
[Date "1995.08.21"]
[Round "2"]
[White "Gunter, David WW"]
[Black "Steffens, Olaf"]
[Result "0-1"]
[WhiteElo "2130"]
[BlackElo "2330"]
[PlyCount "72"]
[EventDate "1995.08.20"]
[EventType "swiss"]
[EventRounds "9"]
[EventCountry "ENG"]
[SourceTitle "BritBase"]
[Source "John Saunders"]
[SourceDate "2023.06.01"]
[SourceVersion "1"]
[SourceVersionDate "2023.06.01"]
[SourceQuality "1"]

1. d4 b5 2. Bg5 h6 3. Bh4 g5 4. Bg3 Bg7 5. e3 c5 6. c3 Qb6 7. Nf3 Nf6 8. a4
bxa4 9. Na3 cxd4 10. Nb5 O-O 11. Qxd4 Nc6 12. Qxb6 axb6 13. Be2 Ra5 14. Nfd4
Nxd4 15. Nxd4 Bb7 16. O-O d6 17. f3 Rfa8 18. e4 Nh5 19. Bf2 Nf4 20. Bc4 Rc8 21.
Ba2 Bxd4 22. cxd4 Rc2 23. b4 Ra8 24. g3 Ne2+ 25. Kh1 Rac8 26. Bb1 Rc1 27. Bd3
Rxf1+ 28. Rxf1 Nc1 29. Bb5 a3 30. d5 a2 31. Bd4 Nb3 32. Ba1 Rc2 33. Bd3 Nxa1
34. Rxa1 Rb2 35. Kg1 Ba6 36. b5 Bxb5 0-1

[Event "Hastings Centenary Masters"]
[Site "Hastings"]
[Date "1995.08.21"]
[Round "2"]
[White "Harris, Costas"]
[Black "Stuart, E Leslie"]
[Result "0-1"]
[WhiteElo "2235"]
[BlackElo "2080"]
[PlyCount "66"]
[EventDate "1995.08.20"]
[EventType "swiss"]
[EventRounds "9"]
[EventCountry "ENG"]
[SourceTitle "BritBase"]
[Source "John Saunders"]
[SourceDate "2023.06.01"]
[SourceVersion "1"]
[SourceVersionDate "2023.06.01"]
[SourceQuality "1"]

1. d4 d5 2. c4 e6 3. Nc3 Nf6 4. Nf3 c5 5. Bg5 cxd4 6. Qxd4 Nc6 7. Qd1 d4 8. Nb1
Qa5+ 9. Bd2 Bb4 10. a3 O-O 11. g3 e5 12. Bxb4 Nxb4 13. Nbd2 Nc6 14. b4 Qc7 15.
Nb3 Ne4 16. Bg2 Nc3 17. Qc2 a5 18. b5 Ne7 19. Nbd2 Bf5 20. Qb3 Ng6 21. a4 h6
22. h4 Rac8 23. h5 Ne7 24. Nh4 Be6 25. Bf3 f5 26. b6 Qd7 27. Bg2 Rc5 28. Qa3
Rfc8 29. Nb3 Rxc4 30. Nxa5 Rxa4 31. Qb2 Qb5 32. Qxb5 Rxa1+ 33. Kd2 Ra2+ 0-1

[Event "Hastings Centenary Masters"]
[Site "Hastings"]
[Date "1995.08.21"]
[Round "2"]
[White "Hebden, Mark L"]
[Black "Parker, Jonathan"]
[Result "1/2-1/2"]
[WhiteElo "2570"]
[BlackElo "2415"]
[PlyCount "59"]
[EventDate "1995.08.20"]
[EventType "swiss"]
[EventRounds "9"]
[EventCountry "ENG"]
[SourceTitle "BritBase"]
[Source "John Saunders"]
[SourceDate "2023.06.01"]
[SourceVersion "1"]
[SourceVersionDate "2023.06.01"]
[SourceQuality "1"]

1. d4 Nf6 2. c4 e6 3. Nf3 d5 4. Bg5 Be7 5. e3 O-O 6. Nbd2 h6 7. Bh4 b6 8. Rc1
Bb7 9. a3 Nbd7 10. cxd5 Nxd5 11. Bxe7 Nxe7 12. Qa4 a6 13. Be2 c5 14. O-O b5 15.
Qc2 Rc8 16. Qb1 Qb6 17. Ne4 Nf5 18. Nxc5 Nxc5 19. dxc5 Rxc5 20. Rxc5 Qxc5 21.
Rc1 Qb6 22. Bd3 Nxe3 23. fxe3 Qxe3+ 24. Kh1 Bxf3 25. Rc3 Bxg2+ 26. Kxg2 Qd2+
27. Kh1 g5 28. Qc2 Qf4 29. Be2 Rd8 30. Rc8 1/2-1/2

[Event "Hastings Centenary Masters"]
[Site "Hastings"]
[Date "1995.08.21"]
[Round "2"]
[White "Howell, James C"]
[Black "Trifunovic, Aleksandar"]
[Result "1-0"]
[WhiteElo "2525"]
[BlackElo "2230"]
[PlyCount "45"]
[EventDate "1995.08.20"]
[EventType "swiss"]
[EventRounds "9"]
[EventCountry "ENG"]
[SourceTitle "BritBase"]
[Source "John Saunders"]
[SourceDate "2023.06.01"]
[SourceVersion "1"]
[SourceVersionDate "2023.06.01"]
[SourceQuality "1"]

1. e4 Nf6 2. e5 Nd5 3. d4 d6 4. c4 Nb6 5. exd6 cxd6 6. Nc3 g6 7. Be3 Bg7 8. Rc1
Nc6 9. d5 Ne5 10. Be2 O-O 11. b3 h5 12. f4 Ng4 13. Bd4 Bh6 14. Nh3 e5 15. dxe6
fxe6 16. Bxg4 hxg4 17. Qxg4 Qe8 18. Qh4 e5 19. Bxb6 Bxf4 20. Nxf4 Rxf4 21. Qd8
Qxd8 22. Bxd8 Bf5 23. Bc7 1-0

[Event "Hastings Centenary Masters"]
[Site "Hastings"]
[Date "1995.08.21"]
[Round "2"]
[White "Khan, Kalimullah"]
[Black "Turner, Matthew"]
[Result "0-1"]
[WhiteElo "2235"]
[BlackElo "2400"]
[PlyCount "77"]
[EventDate "1995.08.20"]
[EventType "swiss"]
[EventRounds "9"]
[EventCountry "ENG"]
[SourceTitle "BritBase"]
[Source "John Saunders"]
[SourceDate "2023.06.01"]
[SourceVersion "1"]
[SourceVersionDate "2023.06.01"]
[SourceQuality "1"]

1. d4 d6 2. e4 Nf6 3. Bd3 e5 4. c3 c5 5. Ne2 Be7 6. O-O O-O 7. Kh1 cxd4 8. cxd4
Nc6 9. d5 Nb4 10. Nbc3 Nxd3 11. Qxd3 Qa5 12. a3 Qa6 13. Qxa6 bxa6 14. f4 Bg4
15. fxe5 dxe5 16. Ng3 Rfc8 17. Be3 Rab8 18. Rf2 Rb7 19. Rc2 h5 20. Rac1 h4 21.
Nf1 Rbc7 22. Nd2 h3 23. Ra1 hxg2+ 24. Kxg2 Bh5 25. h3 Bg6 26. Rcc1 Ne8 27. Na2
Nd6 28. Kf3 Rc2 29. Rxc2 Rxc2 30. Nc3 Bh5+ 31. Kg3 f5 32. Nb3 Rxb2 33. Nc5 Nc4
34. N3a4 f4+ 35. Bxf4 exf4+ 36. Kxf4 Bd6+ 37. Kf5 Rf2+ 38. Ke6 Rf7 39. e5 0-1

[Event "Hastings Centenary Masters"]
[Site "Hastings"]
[Date "1995.08.21"]
[Round "2"]
[White "Kumaran, Dharshan"]
[Black "Taylor, Peter P"]
[Result "1-0"]
[WhiteElo "2500"]
[BlackElo "2205"]
[PlyCount "107"]
[EventDate "1995.08.20"]
[EventType "swiss"]
[EventRounds "9"]
[EventCountry "ENG"]
[SourceTitle "BritBase"]
[Source "John Saunders"]
[SourceDate "2023.06.01"]
[SourceVersion "1"]
[SourceVersionDate "2023.06.01"]
[SourceQuality "1"]

1. d4 Nf6 2. c4 e6 3. Nc3 Bb4 4. Qc2 O-O 5. a3 Bxc3+ 6. Qxc3 b6 7. Nf3 Bb7 8.
e3 d6 9. Be2 Nbd7 10. O-O c5 11. b3 Re8 12. Bb2 Qc7 13. Nd2 e5 14. d5 b5 15.
Bd3 bxc4 16. bxc4 Ba6 17. Qc2 Rab8 18. Bc3 h6 19. Rac1 Nb6 20. Ba1 Qe7 21. Qc3
Bc8 22. Qa5 Qc7 23. Rb1 Bd7 24. Bc3 Na8 25. Qxc7 Nxc7 26. h3 Ba4 27. Rbc1 Re7
28. f4 Nd7 29. Ne4 Ne8 30. Rb1 exf4 31. Rxb8 Nxb8 32. exf4 Nd7 33. Kf2 Nb6 34.
Kf3 Kf8 35. Rb1 f5 36. Nd2 g6 37. g4 fxg4+ 38. hxg4 Kf7 39. Rh1 h5 40. gxh5
gxh5 41. Ne4 Bb3 42. Ng5+ Kg8 43. Rg1 Kf8 44. Ne6+ Rxe6 45. dxe6 d5 46. Be5
Bxc4 47. Bg6 d4 48. f5 Bd5+ 49. Kf4 Nc4 50. Bxe8 Kxe8 51. Bf6 Kf8 52. Rg7 d3
53. Rh7 d2 54. Rh8# 1-0

[Event "Hastings Centenary Masters"]
[Site "Hastings"]
[Date "1995.08.21"]
[Round "2"]
[White "Mah, Karl CC"]
[Black "Tebb, David J"]
[Result "0-1"]
[WhiteElo "2200"]
[BlackElo "2315"]
[PlyCount "112"]
[EventDate "1995.08.20"]
[EventType "swiss"]
[EventRounds "9"]
[EventCountry "ENG"]
[SourceTitle "BritBase"]
[Source "John Saunders"]
[SourceDate "2023.06.01"]
[SourceVersion "1"]
[SourceVersionDate "2023.06.01"]
[SourceQuality "1"]

1. d4 Nf6 2. c4 g6 3. Nc3 Bg7 4. e4 d6 5. f4 O-O 6. Nf3 c5 7. d5 e6 8. Be2 exd5
9. cxd5 Re8 10. e5 dxe5 11. fxe5 Ng4 12. Bg5 Qb6 13. d6 Be6 14. Bb5 Nd7 15.
Bxd7 Bxd7 16. Nd5 Qxb2 17. O-O Rab8 18. h3 Nxe5 19. Nf6+ Bxf6 20. Bxf6 Nxf3+
21. Qxf3 Qe2 22. Qf4 Qe3+ 23. Qxe3 Rxe3 24. Rfe1 Re6 25. Rxe6 fxe6 26. g4 b5
27. Kf2 Rb6 28. Be7 a5 29. Ke3 a4 30. Rf1 Rb8 31. Kd2 b4 32. Kc2 Rc8 33. a3 Rb8
34. axb4 cxb4 35. Kb2 Bc6 36. Rd1 Rb7 37. Ka1 a3 38. d7 Bxd7 39. Rd4 b3 40.
Bxa3 Kg7 41. g5 e5 42. Rd5 e4 43. Re5 Bxh3 44. Rxe4 Bf5 45. Rh4 Rd7 46. Kb2 Be6
47. Bb4 Ra7 48. Bc3+ Kg8 49. Bf6 Ra2+ 50. Kc1 Rc2+ 51. Kd1 Bd5 52. Rb4 Kf7 53.
Rb6 Rf2 54. Rd6 b2 55. Bxb2 Bb3+ 56. Kc1 Rf1+ 0-1

[Event "Hastings Centenary Masters"]
[Site "Hastings"]
[Date "1995.08.21"]
[Round "2"]
[White "McEwan, Ken B"]
[Black "Connell, Blair N"]
[Result "1/2-1/2"]
[WhiteElo "2160"]
[BlackElo "2270"]
[PlyCount "103"]
[EventDate "1995.08.20"]
[EventType "swiss"]
[EventRounds "9"]
[EventCountry "ENG"]
[SourceTitle "BritBase"]
[Source "John Saunders"]
[SourceDate "2023.06.01"]
[SourceVersion "1"]
[SourceVersionDate "2023.06.01"]
[SourceQuality "1"]

1. e4 d5 2. exd5 Qxd5 3. Nc3 Qa5 4. Nf3 Nf6 5. Be2 Bf5 6. O-O c6 7. d4 e6 8.
Ne5 Nbd7 9. Nc4 Qc7 10. g3 Nd5 11. Nxd5 cxd5 12. Bf4 Qc6 13. Ne3 Be4 14. Rc1 b5
15. c3 Be7 16. h4 h6 17. h5 Nb6 18. Bd3 Bxd3 19. Qxd3 O-O 20. Ng4 Qc4 21. Qd2
Qxa2 22. Ne5 Nc4 23. Qe2 Qxb2 24. Qg4 f5 25. Qf3 Nxe5 26. Bxe5 Qa2 27. Ra1 Qc4
28. Ra6 Qc8 29. Rfa1 Qd7 30. Qe2 Rfe8 31. Rb1 b4 32. cxb4 Bd8 33. Rd6 Qf7 34.
Rc1 Bb6 35. Rdc6 Bd8 36. Qa6 Bb6 37. b5 Kh7 38. Kg2 Qxh5 39. Qb7 Qg5 40. Rc7
Bxc7 41. Rxc7 Rg8 42. Bxg7 Rxg7 43. Rxg7+ Qxg7 44. Qxa8 Qe7 45. Qb8 Kg7 46. b6
axb6 47. Qxb6 h5 48. Qb8 h4 49. gxh4 Qxh4 50. Qg3+ Qxg3+ 51. Kxg3 Kf6 52. f4
1/2-1/2

[Event "Hastings Centenary Masters"]
[Site "Hastings"]
[Date "1995.08.21"]
[Round "2"]
[White "Minet, Steve"]
[Black "Dive, Russell John"]
[Result "0-1"]
[WhiteElo "2170"]
[BlackElo "2315"]
[PlyCount "52"]
[EventDate "1995.08.20"]
[EventType "swiss"]
[EventRounds "9"]
[EventCountry "ENG"]
[SourceTitle "BritBase"]
[Source "John Saunders"]
[SourceDate "2023.06.01"]
[SourceVersion "1"]
[SourceVersionDate "2023.06.01"]
[SourceQuality "1"]

1. e4 Nf6 2. e5 Nd5 3. c4 Nb6 4. d4 d6 5. exd6 cxd6 6. Nc3 g6 7. Nf3 Bg7 8. Be3
O-O 9. h3 Bf5 10. Bd3 d5 11. Bxf5 gxf5 12. cxd5 Nxd5 13. Nxd5 Qxd5 14. Qd2 Nc6
15. O-O Rfd8 16. Rfd1 Rd6 17. a3 Rad8 18. Rac1 Qe6 19. Qc3 Rd5 20. b4 a6 21.
Rd2 Qd6 22. Qd3 f4 23. Rc5 fxe3 24. fxe3 Qg6 25. Rxd5 Rxd5 26. e4 Bxd4+ 0-1

[Event "Hastings Centenary Masters"]
[Site "Hastings"]
[Date "1995.08.21"]
[Round "2"]
[White "Nataf, Igor Alexandre"]
[Black "Arkell, Keith C"]
[Result "0-1"]
[WhiteElo "2370"]
[BlackElo "2505"]
[PlyCount "49"]
[EventDate "1995.08.20"]
[EventType "swiss"]
[EventRounds "9"]
[EventCountry "ENG"]
[SourceTitle "BritBase"]
[Source "John Saunders"]
[SourceDate "2023.06.01"]
[SourceVersion "1"]
[SourceVersionDate "2023.06.01"]
[SourceQuality "1"]

1. e4 e6 2. d4 d5 3. Nd2 dxe4 4. Nxe4 Bd7 5. Nf3 Bc6 6. Bd3 Nd7 7. O-O Ngf6 8.
Neg5 Be7 9. Nxf7 Kxf7 10. Ng5+ Kg8 11. Nxe6 Qc8 12. Qe2 Bd6 13. Bc4 Nb6 14. Bb3
Ba4 15. c4 Bxb3 16. axb3 Qd7 17. c5 Re8 18. Re1 Nbd5 19. Rxa7 Bf4 20. c6 bxc6
21. Qd1 Rxe6 22. Bxf4 Nxf4 23. Ra8+ Ne8 24. g3 Nd5 25. Kg2 0-1

[Event "Hastings Centenary Masters"]
[Site "Hastings"]
[Date "1995.08.21"]
[Round "2"]
[White "Roberts, Paul E"]
[Black "Britton, Richard L"]
[Result "1-0"]
[WhiteElo "2215"]
[BlackElo "2320"]
[PlyCount "41"]
[EventDate "1995.08.20"]
[EventType "swiss"]
[EventRounds "9"]
[EventCountry "ENG"]
[SourceTitle "BritBase"]
[Source "John Saunders"]
[SourceDate "2023.06.01"]
[SourceVersion "1"]
[SourceVersionDate "2023.06.01"]
[SourceQuality "1"]

1. e4 c5 2. c3 d6 3. d4 Nf6 4. f3 Nbd7 5. Bd3 g6 6. Be3 Bg7 7. Ne2 O-O 8. O-O
b6 9. Qd2 Re8 10. a4 a6 11. Na3 Bb7 12. b4 Qc7 13. Rfc1 Qc6 14. a5 bxa5 15.
bxc5 dxc5 16. d5 Qc7 17. Nc4 Ne5 18. Nxe5 Qxe5 19. Bf4 Qh5 20. Ng3 Qh4 21. Bg5
1-0

[Event "Hastings Centenary Masters"]
[Site "Hastings"]
[Date "1995.08.21"]
[Round "2"]
[White "Saunders, John C"]
[Black "Buckley, Graeme N"]
[Result "1-0"]
[WhiteElo "2240"]
[BlackElo "2355"]
[PlyCount "81"]
[EventDate "1995.08.20"]
[EventType "swiss"]
[EventRounds "9"]
[EventCountry "ENG"]
[SourceTitle "BritBase"]
[Source "John Saunders"]
[SourceDate "2023.06.01"]
[SourceVersion "1"]
[SourceVersionDate "2023.06.01"]
[SourceQuality "1"]

1. c4 g6 2. Nf3 Bg7 3. Nc3 d6 4. g3 e5 5. Bg2 f5 6. d3 Ne7 7. O-O O-O 8. Bd2
Nd7 9. Ng5 Nf6 10. f4 h6 11. Nh3 exf4 12. Nxf4 c6 13. e3 Qe8 14. Bf3 Ng4 15.
Nh3 Be6 16. Nf4 Bd7 17. d4 g5 18. Nd3 Qg6 19. Qe2 h5 20. Nf2 Nf6 21. Rad1 h4
22. gxh4 g4 23. Bg2 Qh5 24. Be1 Ng6 25. Nd3 Rfe8 26. Qf2 Re7 27. Nf4 Nxf4 28.
Qxf4 Ne8 29. Qf2 Nc7 30. Ne2 Qf7 31. b3 Rae8 32. Bd2 Ne6 33. Qg3 Qf6 34. Qxd6
Qxh4 35. Ng3 Ng5 36. Nxf5 Bxf5 37. Rxf5 Ne4 38. Bxe4 Rxe4 39. Qg6 Qe7 40. Rh5
Rf4 41. exf4 1-0

[Event "Hastings Centenary Masters"]
[Site "Hastings"]
[Date "1995.08.21"]
[Round "2"]
[White "Spanton, Timothy"]
[Black "Rice, Christopher B"]
[Result "0-1"]
[WhiteElo "2060"]
[BlackElo "2165"]
[PlyCount "89"]
[EventDate "1995.08.20"]
[EventType "swiss"]
[EventRounds "9"]
[EventCountry "ENG"]
[SourceTitle "BritBase"]
[Source "John Saunders"]
[SourceDate "2023.06.01"]
[SourceVersion "1"]
[SourceVersionDate "2023.06.01"]
[SourceQuality "1"]

1. e4 e6 2. d4 d5 3. Nc3 Nf6 4. e5 Nfd7 5. Nf3 c5 6. dxc5 Nc6 7. Bf4 Bxc5 8.
Bd3 h6 9. Qe2 a6 10. O-O Nb4 11. Rac1 Nb6 12. a3 Nxd3 13. cxd3 Bd7 14. Rc2 Bc6
15. Rfc1 Nd7 16. Qd2 g5 17. Bg3 g4 18. Ne1 Bd4 19. Ne2 Bxe5 20. d4 Bxg3 21.
Nxg3 Qg5 22. Qb4 Qe7 23. Nd3 Qxb4 24. Nxb4 Ba4 25. Rc3 a5 26. Nd3 Bb5 27. Nc5
Nxc5 28. Rxc5 Bc6 29. Nh5 Ke7 30. Nf4 Rhc8 31. Nd3 f6 32. Kf1 Kd6 33. Ke2 b6
34. R5c3 Bd7 35. Ke3 e5 36. f4 gxf3 37. gxf3 Rxc3 38. Rxc3 Bf5 39. Rb3 Rb8 40.
Rb5 Bd7 41. Rb3 Ba4 42. Rc3 Rg8 43. dxe5+ fxe5 44. Ke2 Rf8 45. b4 0-1

[Event "Hastings Centenary Masters"]
[Site "Hastings"]
[Date "1995.08.21"]
[Round "2"]
[White "Van Zyil Smit, Konrad"]
[Black "Bersoult, Francois"]
[Result "1-0"]
[WhiteElo "2100"]
[BlackElo "2160"]
[PlyCount "111"]
[EventDate "1995.08.20"]
[EventType "swiss"]
[EventRounds "9"]
[EventCountry "ENG"]
[SourceTitle "BritBase"]
[Source "John Saunders"]
[SourceDate "2023.06.01"]
[SourceVersion "1"]
[SourceVersionDate "2023.06.01"]
[SourceQuality "1"]

1. e4 e5 2. Nf3 Nc6 3. Bb5 a6 4. Bxc6 dxc6 5. O-O Ne7 6. Nxe5 Qd4 7. Qh5 g6 8.
Qg5 Bg7 9. Nd3 f5 10. e5 c5 11. b3 b6 12. Bb2 Qg4 13. Qe3 Nd5 14. Qe1 f4 15. f3
Qg5 16. Nc3 Nxc3 17. Bxc3 Bb7 18. e6 Bxc3 19. dxc3 O-O-O 20. e7 Rde8 21. Qe6+
Kb8 22. Rae1 Rhg8 23. Qf7 Qf5 24. Qxf5 gxf5 25. Re5 Rg7 26. Nxf4 Rgxe7 27. Rxf5
c4 28. bxc4 a5 29. Nd3 Ba6 30. Rf4 Re6 31. Rf7 Bxc4 32. Rxh7 Re2 33. Rh4 Bxa2
34. Nc1 Rxc2 35. Nxa2 Rxa2 36. f4 Ra4 37. Rh3 Rae4 38. f5 a4 39. f6 Re1 40.
Rhf3 a3 41. f7 Rxf1+ 42. Rxf1 Rf8 43. g4 a2 44. Ra1 Rxf7 45. Rxa2 Kc8 46. Kg2
Kd7 47. Rf2 Rg7 48. Kg3 Ke6 49. h4 b5 50. g5 c5 51. Rf6+ Ke5 52. Rc6 Kd5 53.
Rb6 b4 54. cxb4 cxb4 55. Rxb4 Ke6 56. Rf4 1-0

[Event "Hastings Centenary Masters"]
[Site "Hastings"]
[Date "1995.08.21"]
[Round "2"]
[White "Wall, Gavin"]
[Black "Ashby, Anthony C"]
[Result "1-0"]
[WhiteElo "2265"]
[BlackElo "2090"]
[PlyCount "61"]
[EventDate "1995.08.20"]
[EventType "swiss"]
[EventRounds "9"]
[EventCountry "ENG"]
[SourceTitle "BritBase"]
[Source "John Saunders"]
[SourceDate "2023.06.01"]
[SourceVersion "1"]
[SourceVersionDate "2023.06.01"]
[SourceQuality "1"]

1. d4 e6 2. Nf3 f5 3. g3 Nf6 4. Bg2 Be7 5. O-O O-O 6. c4 d5 7. b3 c6 8. Ba3 Ne4
9. Bxe7 Qxe7 10. Qc2 Nd7 11. Nc3 Ng5 12. Nxg5 Qxg5 13. e3 Nf6 14. Na4 Ne4 15.
Rae1 Qf6 16. f3 Nd6 17. Qc3 Nf7 18. e4 dxc4 19. e5 Qh6 20. bxc4 b6 21. f4 Bb7
22. Qb3 Rfd8 23. Rd1 g5 24. Kh1 gxf4 25. gxf4 Qh4 26. Nc5 bxc5 27. Qxb7 cxd4
28. Bxc6 Rab8 29. Rg1+ Kf8 30. Qxa7 Rb2 31. Qa3+ 1-0